000 00520nam a2200193Ia 4500
005 20250317125741.0
008 008 250317s9999 xx 000 0 eng d
037 _aTextbook
040 _aFMSL
_beng
_cFMSL
041 _aeng
_2eng
084 _aX:8F
_qFMSL
100 _aMore GL
_9744683
245 0 _aManagerial accounting
250 _a2nd
260 _aNew York
_bNew York, South Western Pub. co.
_c1967
300 _a722p
942 _cTB
_hX:8F
999 _c1260811
_d1260811